000 00779nam a2200241 a 4500
005 20240808063722.0
008 070416s2001 ag r 000 0 spa d
020 _a9879460669
035 _aUPN01000150053
049 _aCG
050 4 _aBF39
_bA7.3 2001
100 1 _aAron, Arthur
245 1 0 _aEstadística para psicología /
_cArthur Aron, Elaine N. Aron ; tr. Karina Abraham.
250 _a2a ed.
260 _aBuenos Aires :
_bPrentice-Hall :
_bPearson Educación,
_c2001.
300 _a704 p. :
_bil., gráfs., cuadros
534 _pTítulo original:
_tStatistics for psychology
650 4 _aPSICOLOGIA -
_xMETODOS ESTADISTICOS
_96558
650 2 _aAnálisis de datos
_9269
650 4 _aEstadística
_92988
700 1 _aAron, Elaine N.,
_ecoaut.
905 _aLibro
999 _c122194
_d122194